[Event "Montreal op"]
[Site "Montreal CAN"]
[Date "2000.??.??"]
[Round "2"]
[White "Latendresse, Simon"]
[Black "Trottier, Yves"]
[Result "1/2-1/2"]
[WhiteElo "2018"]
[BlackElo "1935"]
[PlyCount "83"]
[GameId "2160767911652626"]
[EventDate "2000.09.01"]
[EventType "swiss"]
[EventRounds "5"]
[EventCountry "CAN"]
[SourceTitle "EXT 2003"]
[Source "ChessBase"]
[SourceDate "2002.11.25"]
[SourceVersion "1"]
[SourceVersionDate "2002.11.25"]
[SourceQuality "1"]

1. e4 e5 2. Nf3 Nf6 3. d3 Nc6 4. g3 d5 5. Nbd2 Bg4 6. Bg2 Qd7 7. h3 Bh5 8. exd5 Qxd5 9. O-O O-O-O 10. Ng5 Bxd1 11. Bxd5 Rxd5 12. Rxd1 Rd7 13. Nc4 Bc5 14. Be3 Bxe3 15. fxe3 h6 16. Nf3 e4 17. Nfe5 Nxe5 18. Nxe5 Re7 19. d4 Nd7 20. Nxd7 Rxd7 21. Rf1 Rf8 22. g4 f6 23. Rf4 Re8 24. c4 Rd6 25. Rd1 Ra6 26. a3 Rb6 27. b4 Ra6 28. Ra1 Ra4 29. Rf5 Re6 30. Kf2 a5 31. Rxa5 Rxa5 32. bxa5 Ra6 33. Rb1 Rxa5 34. Rb3 Ra4 35. c5 Rc4 36. Kg3 g5 37. Kf2 Rc2+ 38. Kg3 Rd2 39. Rc3 c6 40. h4 Kc7 41. hxg5 hxg5 42. Rb3 1/2-1/2

[Event "Montreal op"]
[Site "Montreal CAN"]
[Date "2000.??.??"]
[Round "2"]
[White "Lawson, Eric"]
[Black "Miron, Francois"]
[Result "1-0"]
[WhiteElo "1881"]
[BlackElo "1954"]
[PlyCount "55"]
[GameId "2160767911652627"]
[EventDate "2000.09.01"]
[EventType "swiss"]
[EventRounds "5"]
[EventCountry "CAN"]
[SourceTitle "EXT 2003"]
[Source "ChessBase"]
[SourceDate "2002.11.25"]
[SourceVersion "1"]
[SourceVersionDate "2002.11.25"]
[SourceQuality "1"]

1. e4 g6 2. Nc3 Bg7 3. f4 c5 4. Nf3 Nc6 5. Bc4 e6 6. d3 Nge7 7. O-O O-O 8. Qe1 d5 9. Bb3 Nd4 10. Qf2 a6 11. e5 Nec6 12. Ne2 Nxe2+ 13. Qxe2 b5 14. c3 Bb7 15. d4 cxd4 16. Nxd4 Nxd4 17. cxd4 Qb6 18. Be3 a5 19. Rf3 Ba6 20. Rh3 Rfc8 21. Qf2 Qd8 22. g4 h6 23. f5 gxf5 24. gxf5 exf5 25. Qg2 Qb6 26. Rxh6 Qd8 27. Bxd5 Ra7 28. Rg6 1-0

[Event "Montreal op"]
[Site "Montreal CAN"]
[Date "2000.??.??"]
[Round "2"]
[White "Leutschaft, Martin"]
[Black "Hua, Lefong"]
[Result "1-0"]
[WhiteElo "2123"]
[BlackElo "2325"]
[PlyCount "99"]
[GameId "2160767911652628"]
[EventDate "2000.09.01"]
[EventType "swiss"]
[EventRounds "5"]
[EventCountry "CAN"]
[SourceTitle "EXT 2003"]
[Source "ChessBase"]
[SourceDate "2002.11.25"]
[SourceVersion "1"]
[SourceVersionDate "2002.11.25"]
[SourceQuality "1"]

1. e4 c5 2. Nf3 e6 3. c3 Nf6 4. Qc2 Qc7 5. Be2 b6 6. d3 Bb7 7. Nbd2 d6 8. O-O Be7 9. Re1 O-O 10. Bf1 Nbd7 11. b3 a6 12. Bb2 b5 13. Rac1 Rac8 14. Qd1 Qa5 15. a3 Qb6 16. Qe2 e5 17. g3 Rfe8 18. Bh3 Rcd8 19. d4 Bf8 20. d5 g6 21. Rcd1 Bh6 22. Nh4 a5 23. Qf3 Kg7 24. Nf1 Bg5 25. Ng2 b4 26. Bxd7 Nxd7 27. h4 Be7 28. c4 bxa3 29. Bxa3 Ba6 30. Nge3 Rb8 31. Rd3 a4 32. Rb1 Qa5 33. Qd1 Rf8 34. Kg2 Rb7 35. bxa4 Rxb1 36. Qxb1 Nb6 37. Nd2 Nxa4 38. Qd1 Rb8 39. Nb3 Qc7 40. Bc1 Rb4 41. Qc2 Bc8 42. Bd2 Rb8 43. Na5 Bd7 44. Rb3 Bd8 45. Rxb8 Qxb8 46. Qb3 Qxb3 47. Nxb3 f5 48. Kf3 Kf7 49. Nd1 fxe4+ 50. Ke3 1-0

[Event "Montreal op"]
[Site "Montreal CAN"]
[Date "2000.??.??"]
[Round "2"]
[White "Linskiy, Oleg"]
[Black "Roy, Guy"]
[Result "1-0"]
[WhiteElo "2463"]
[BlackElo "2116"]
[PlyCount "129"]
[GameId "2160767911652629"]
[EventDate "2000.09.01"]
[EventType "swiss"]
[EventRounds "5"]
[EventCountry "CAN"]
[SourceTitle "EXT 2003"]
[Source "ChessBase"]
[SourceDate "2002.11.25"]
[SourceVersion "1"]
[SourceVersionDate "2002.11.25"]
[SourceQuality "1"]

1. b3 e5 2. Bb2 Nc6 3. e3 d6 4. Nf3 Nf6 5. d4 e4 6. Nfd2 d5 7. Be2 Be7 8. c4 Bb4 9. O-O O-O 10. a3 Bxd2 11. Qxd2 Ne7 12. Nc3 c6 13. Rac1 Re8 14. a4 Bf5 15. Ba3 Rc8 16. b4 dxc4 17. Bxc4 Ned5 18. Nxd5 Nxd5 19. b5 Qg5 20. Bd6 Red8 21. Bg3 c5 22. dxc5 Rxc5 23. Qb2 b6 24. Rfd1 Be6 25. Bf1 Rxc1 26. Rxc1 h5 27. h4 Qf5 28. Qd4 Rd7 29. Qe5 Qxe5 30. Bxe5 f6 31. Bg3 Kf7 32. Be2 g6 33. Bc4 Ne7 34. Bxe6+ Kxe6 35. Rc4 f5 36. Kh2 Nd5 37. Rc6+ Kf7 38. Be5 Re7 39. Bd4 Re6 40. Rc8 Re8 41. Rc4 Re7 42. Kg3 Rc7 43. Rxc7+ Nxc7 44. Kf4 Ke6 45. Kg5 Kf7 46. Kh6 Ne6 47. g3 Nc7 48. Be5 Nd5 49. Kh7 Ne7 50. Bb8 Nc8 51. Kh6 Kf6 52. Bc7 Kf7 53. Be5 Ne7 54. Bb8 Nc8 55. Kh7 Kf6 56. Kg8 Ne7+ 57. Kf8 Nd5 58. Bxa7 g5 59. a5 bxa5 60. b6 Nxb6 61. Bxb6 gxh4 62. gxh4 a4 63. Bd4+ Kg6 64. Ke7 f4 65. Ke6 1-0

[Event "Montreal op"]
[Site "Montreal CAN"]
[Date "2000.??.??"]
[Round "2"]
[White "Masse, Hugues"]
[Black "Bachand-Fleurent, Julien"]
[Result "1-0"]
[WhiteElo "1914"]
[BlackElo "1990"]
[PlyCount "83"]
[GameId "2160767911652630"]
[EventDate "2000.09.01"]
[EventType "swiss"]
[EventRounds "5"]
[EventCountry "CAN"]
[SourceTitle "EXT 2003"]
[Source "ChessBase"]
[SourceDate "2002.11.25"]
[SourceVersion "1"]
[SourceVersionDate "2002.11.25"]
[SourceQuality "1"]

1. d4 d5 2. c4 e6 3. Nc3 c6 4. cxd5 exd5 5. Nf3 Nf6 6. Bf4 Bb4 7. Nd2 Bf5 8. Qb3 Qe7 9. e3 O-O 10. Be2 b6 11. O-O h6 12. Rac1 g5 13. Bg3 Bd6 14. Bxd6 Qxd6 15. Bf3 g4 16. Bd1 h5 17. Bc2 Be6 18. Bb1 Kg7 19. Qc2 Rh8 20. Ne2 h4 21. Nf4 Bd7 22. a3 Na6 23. Rfd1 Rae8 24. b4 Nc7 25. Qb3 Ne6 26. Nxe6+ Bxe6 27. Nf1 Nh5 28. Bd3 g3 29. Qc2 Bg4 30. Re1 Bd7 31. Bf5 Bxf5 32. Qxf5 gxf2+ 33. Qxf2 Nf6 34. Qc2 Re6 35. h3 Ne4 36. Nh2 f5 37. Nf3 Qg3 38. Re2 Ng5 39. Qxf5 Rg6 40. Nxg5 Rxg5 41. Qd7+ Kh6 42. Rxc6+ 1-0

[Event "Montreal op"]
[Site "Montreal CAN"]
[Date "2000.??.??"]
[Round "2"]
[White "Mikanovic, Goran"]
[Black "Desmarais, Emmanuel"]
[Result "1-0"]
[WhiteElo "2293"]
[BlackElo "2061"]
[PlyCount "75"]
[GameId "2160767911652631"]
[EventDate "2000.09.01"]
[EventType "swiss"]
[EventRounds "5"]
[EventCountry "CAN"]
[SourceTitle "EXT 2003"]
[Source "ChessBase"]
[SourceDate "2002.11.25"]
[SourceVersion "1"]
[SourceVersionDate "2002.11.25"]
[SourceQuality "1"]

1. d4 c6 2. c4 d5 3. Nf3 e6 4. Nc3 dxc4 5. g3 Nf6 6. Bg2 Nbd7 7. a4 Bb4 8. O-O O-O 9. Qc2 Qc7 10. Na2 Bd6 11. Qxc4 Re8 12. Nc3 e5 13. Ng5 Nb6 14. Qd3 exd4 15. Qxd4 Bf5 16. a5 Nbd7 17. Qc4 Ne5 18. Qb3 h6 19. Nge4 Nxe4 20. Nxe4 Be6 21. Qc3 Bf8 22. Bxh6 gxh6 23. Nf6+ Kh8 24. Nxe8 Rxe8 25. f4 Bg7 26. fxe5 Bxe5 27. Qe3 Bg7 28. Qxa7 Bxb2 29. Rab1 Qe5 30. Qxb7 Bd4+ 31. Kh1 Bf5 32. Rbd1 Be4 33. Bf3 Re7 34. Qc8+ Kg7 35. Qg4+ Kf8 36. Qxe4 Qxe4 37. Bxe4 Rxe4 38. Rf4 1-0

[Event "Montreal op"]
[Site "Montreal CAN"]
[Date "2000.??.??"]
[Round "2"]
[White "Paradis, Sylvain"]
[Black "Loranger, Stephane"]
[Result "1-0"]
[WhiteElo "1973"]
[BlackElo "1843"]
[PlyCount "78"]
[GameId "2160767911652632"]
[EventDate "2000.09.01"]
[EventType "swiss"]
[EventRounds "5"]
[EventCountry "CAN"]
[SourceTitle "EXT 2003"]
[Source "ChessBase"]
[SourceDate "2002.11.25"]
[SourceVersion "1"]
[SourceVersionDate "2002.11.25"]
[SourceQuality "1"]

1. Nf3 g6 2. c4 Bg7 3. d4 Nf6 4. Nc3 d6 5. g3 Nbd7 6. Bg2 c6 7. O-O O-O 8. e4 e5 9. dxe5 dxe5 10. Bg5 Qc7 11. Qc1 Nc5 12. Ne1 a5 13. Be3 Ne6 14. Na4 Nd4 15. Bxd4 exd4 16. c5 Bg4 17. f3 Be6 18. Nb6 Rad8 19. Qd2 Nd7 20. Nxd7 Rxd7 21. Nd3 f5 22. Bh3 Re7 23. exf5 Bxf5 24. Bxf5 Rxf5 25. Rac1 Re3 26. f4 Qe7 27. Rce1 Qe4 28. Nf2 Qd5 29. Qxa5 Qxc5 30. Qa8+ Rf8 31. Qxb7 Rfe8 32. Rc1 Qb5 33. Qxc6 Qxb2 34. Nd1 Qe2 35. Nxe3 Qxe3+ 36. Kh1 Qe4+ 37. Qxe4 Rxe4 38. Rfe1 Re3 39. Rxe3 dxe3 1-0

[Event "Montreal op"]
[Site "Montreal CAN"]
[Date "2000.??.??"]
[Round "2"]
[White "Roussel-Roozmon, Thomas"]
[Black "Cardin, Guillaume"]
[Result "0-1"]
[WhiteElo "2128"]
[BlackElo "1882"]
[PlyCount "58"]
[GameId "2160767911652634"]
[EventDate "2000.09.01"]
[EventType "swiss"]
[EventRounds "5"]
[EventCountry "CAN"]
[SourceTitle "EXT 2003"]
[Source "ChessBase"]
[SourceDate "2002.11.25"]
[SourceVersion "1"]
[SourceVersionDate "2002.11.25"]
[SourceQuality "1"]

1. d4 Nf6 2. c4 c5 3. d5 b5 4. cxb5 a6 5. b6 d6 6. Nc3 Qxb6 7. Nf3 g6 8. Nd2 Bg7 9. e4 O-O 10. a4 Qb4 11. Ra3 Nbd7 12. Rb3 Qd4 13. Be2 c4 14. Bxc4 Nc5 15. Ne2 Qe5 16. f4 Qh5 17. Re3 Qh4+ 18. g3 Qh5 19. Nc3 Ng4 20. Re2 Nh6 21. Re3 Bg4 22. Nf3 f5 23. Be2 Bxc3+ 24. Rxc3 fxe4 25. Ng5 Nd3+ 26. Kf1 Qxg5 27. Kg2 Qh5 28. Bxg4 Qxg4 29. Rxd3 exd3 0-1

[Event "Montreal op"]
[Site "Montreal CAN"]
[Date "2000.??.??"]
[Round "2"]
[White "Soskic, Radmilo"]
[Black "Plante, Michel"]
[Result "1/2-1/2"]
[WhiteElo "1796"]
[BlackElo "1926"]
[PlyCount "94"]
[GameId "2160767911652635"]
[EventDate "2000.09.01"]
[EventType "swiss"]
[EventRounds "5"]
[EventCountry "CAN"]
[SourceTitle "EXT 2003"]
[Source "ChessBase"]
[SourceDate "2002.11.25"]
[SourceVersion "1"]
[SourceVersionDate "2002.11.25"]
[SourceQuality "1"]

1. d4 d5 2. c4 e6 3. Nc3 c6 4. e3 Nf6 5. Bd3 dxc4 6. Bxc4 b5 7. Bd3 a6 8. Nge2 Nbd7 9. Ng3 c5 10. Qf3 Rb8 11. O-O Bb7 12. Nge4 Qb6 13. dxc5 Nxc5 14. Nxf6+ gxf6 15. e4 Nxd3 16. Qxd3 b4 17. Rd1 Rd8 18. Be3 Rxd3 19. Bxb6 Rd6 20. Na4 Bxe4 21. Rxd6 Bxd6 22. Rc1 Kd7 23. f3 Bd5 24. b3 Rg8 25. Kh1 Rc8 26. Bc5 Bxc5 27. Nxc5+ Ke8 28. Kg1 Rc6 29. Kf2 Ke7 30. Ke3 Kd6 31. Nd3 Rxc1 32. Nxc1 e5 33. Nd3 a5 34. Nb2 f5 35. g3 f6 36. f4 h5 37. h4 Kc5 38. Nd3+ Kd6 39. Nb2 Bf7 40. Ke2 Kc5 41. Ke3 Bd5 42. Nd3+ Kd6 43. Nb2 Ke6 44. Nd3 Be4 45. Nc5+ Kd5 46. Nxe4 fxe4 47. f5 Kd6 1/2-1/2

[Event "Montreal op"]
[Site "Montreal CAN"]
[Date "2000.??.??"]
[Round "2"]
[White "Soudre, Nicolas"]
[Black "Paz, Roman"]
[Result "0-1"]
[WhiteElo "2246"]
[BlackElo "1941"]
[PlyCount "116"]
[GameId "2160767911652636"]
[EventDate "2000.09.01"]
[EventType "swiss"]
[EventRounds "5"]
[EventCountry "CAN"]
[SourceTitle "EXT 2003"]
[Source "ChessBase"]
[SourceDate "2002.11.25"]
[SourceVersion "1"]
[SourceVersionDate "2002.11.25"]
[SourceQuality "1"]

1. e4 Nf6 2. Nc3 d5 3. e5 d4 4. Nce2 Ng8 5. Ng3 Qd5 6. f4 f6 7. Bd3 g6 8. Nf3 Bh6 9. Be4 Qf7 10. Ne2 c5 11. O-O f5 12. Bd3 Nc6 13. b3 a6 14. a4 e6 15. Ba3 b6 16. a5 Qc7 17. axb6 Qxb6 18. Qe1 Nge7 19. Qh4 Bg7 20. Bc4 h6 21. Rfe1 Kf7 22. Nc1 a5 23. Nd3 Nb4 24. Bxb4 cxb4 25. Qf2 Nc6 26. c3 bxc3 27. dxc3 Rd8 28. Nb2 Qa7 29. Na4 dxc3 30. Qxa7+ Rxa7 31. Nxc3 Bf8 32. Nb5 Be7 33. Kf1 Rad7 34. Rec1 Ba6 35. Nd6+ Bxd6 36. exd6 Bxc4+ 37. Rxc4 Nb4 38. Ne5+ Kf6 39. Nxd7+ Rxd7 40. Rd1 Nd5 41. Kf2 Rxd6 42. Ra1 Nb6 43. Rc5 Rd3 44. Rcxa5 Rxb3 45. Ra6 Nd5 46. g3 Nb4 47. R6a2 Nxa2 48. Rxa2 g5 49. Ra8 Rb2+ 50. Ke3 gxf4+ 51. gxf4 Rxh2 52. Rf8+ Ke7 53. Ra8 h5 54. Rh8 h4 55. Kd4 h3 56. Kc4 Rh1 57. Rh7+ Kf6 58. Rh6+ Kg7 0-1

[Event "Montreal op"]
[Site "Montreal CAN"]
[Date "2000.??.??"]
[Round "2"]
[White "Tessier, Olivier"]
[Black "Destree, Frederic"]
[Result "1-0"]
[WhiteElo "2033"]
[BlackElo "1915"]
[PlyCount "115"]
[GameId "2160767911652637"]
[EventDate "2000.09.01"]
[EventType "swiss"]
[EventRounds "5"]
[EventCountry "CAN"]
[SourceTitle "EXT 2003"]
[Source "ChessBase"]
[SourceDate "2002.11.25"]
[SourceVersion "1"]
[SourceVersionDate "2002.11.25"]
[SourceQuality "1"]

1. c4 c5 2. Nc3 g6 3. g3 Bg7 4. Bg2 Nc6 5. Nf3 e6 6. O-O Nge7 7. b3 d5 8. cxd5 exd5 9. Bb2 O-O 10. Rc1 Rb8 11. e3 Bg4 12. a3 Ne5 13. Na4 N7c6 14. Rxc5 Qf6 15. Rxc6 Qxc6 16. Nxe5 Bxd1 17. Nxc6 bxc6 18. Bxg7 Kxg7 19. Rxd1 Rxb3 20. Ra1 Rfb8 21. Nc5 Rb2 22. d4 Rd2 23. Na4 Rb3 24. Bf1 f5 25. h4 h6 26. Ba6 g5 27. hxg5 hxg5 28. Kf1 f4 29. gxf4 gxf4 30. Nc5 Rb6 31. Be2 fxe3 32. fxe3 Rbb2 33. Re1 Kf6 34. Kf2 Kf5 35. Kf3 Kf6 36. Nd7+ Ke7 37. Ne5 Kd6 38. a4 a5 39. Kf2 Ke7 40. Kf3 Kd6 41. Bf1 Rh2 42. Re2 Rhxe2 43. Bxe2 Kc7 44. Bd3 Kb6 45. Kf4 Rh2 46. Bf5 Rh1 47. Nd7+ Kc7 48. Nc5 Kb6 49. Bd7 Re1 50. Be8 Re2 51. Nd7+ Kc7 52. Ne5 Rf2+ 53. Kg3 Rf5 54. Bxc6 Rxe5 55. dxe5 Kxc6 56. Kf4 Kd7 57. Kf5 Ke7 58. e6 1-0

[Event "Montreal op"]
[Site "Montreal CAN"]
[Date "2000.09.02"]
[Round "2"]
[White "Charest, Johanne"]
[Black "Michaud, Gerald"]
[Result "0-1"]
[WhiteElo "1919"]
[BlackElo "2017"]
[PlyCount "64"]
[GameId "2160767911652638"]
[EventDate "2000.09.01"]
[EventType "swiss"]
[EventRounds "5"]
[EventCountry "CAN"]

1. e4 e6 2. d4 d5 3. e5 c5 4. c3 Nc6 5. Nf3 Qb6 6. Bd3 Bd7 7. O-O cxd4 8. cxd4 Nb4 9. Nc3 Nxd3 10. Qxd3 Ne7 11. a3 Rc8 12. Bd2 Nf5 13. g4 Nh6 14. h3 Be7 15. Kh2 Ng8 16. Rfc1 Bd8 17. Na4 Bxa4 18. Rxc8 Bc6 19. Bb4 a5 20. Bc5 Qxb2 21. Qd2 Qxd2 22. Nxd2 Ne7 23. Rb8 Kd7 24. Nb3 Nc8 25. Rc1 Bc7 26. Ba7 Bxb8 27. Bxb8 Nb6 28. Ba7 Nc4 29. Nc5+ Kc7 30. Ne4 b6 31. Nd6 Nxd6 32. exd6+ Kb7 0-1

[Event "Montreal op"]
[Site "Montreal CAN"]
[Date "2000.??.??"]
[Round "3"]
[White "Cardin, Guillaume"]
[Black "Moskvitch, Andrei"]
[Result "0-1"]
[WhiteElo "1882"]
[BlackElo "2175"]
[PlyCount "90"]
[GameId "2160767911652640"]
[EventDate "2000.09.01"]
[EventType "swiss"]
[EventRounds "5"]
[EventCountry "CAN"]
[SourceTitle "EXT 2003"]
[Source "ChessBase"]
[SourceDate "2002.11.25"]
[SourceVersion "1"]
[SourceVersionDate "2002.11.25"]
[SourceQuality "1"]

1. e4 c5 2. Nf3 Nc6 3. d4 cxd4 4. Nxd4 e6 5. Nc3 a6 6. Be2 Nf6 7. Be3 Qc7 8. O-O d6 9. f4 Be7 10. Kh1 O-O 11. Bf3 Re8 12. g4 Nxd4 13. Bxd4 e5 14. Be3 exf4 15. Bxf4 Be6 16. g5 Nd7 17. Nd5 Bxd5 18. Qxd5 Bf8 19. Bd2 Ne5 20. Bc3 g6 21. h4 b5 22. a3 Rab8 23. Be2 Qc6 24. Rf4 Qxd5 25. exd5 Nd7 26. Rf2 Bg7 27. Bxg7 Kxg7 28. Raf1 Re7 29. h5 Rc8 30. c3 Rce8 31. hxg6 hxg6 32. Bd1 Nc5 33. Bc2 Rh8+ 34. Kg2 Rh5 35. Rf6 Re2+ 36. Kg3 Rxg5+ 37. Kh4 Rh5+ 38. Kg3 Rxc2 39. Rxf7+ Kh6 40. Rf8 Rxb2 41. R1f7 Rxd5 42. Kg4 Rg5+ 43. Kh3 Rgg2 44. c4 bxc4 45. a4 Rh2+ 0-1

[Event "Montreal op"]
[Site "Montreal CAN"]
[Date "2000.??.??"]
[Round "3"]
[White "Charbonneau, Anne-Marie"]
[Black "Paradis, Sylvain"]
[Result "1-0"]
[WhiteElo "1848"]
[BlackElo "1973"]
[PlyCount "75"]
[GameId "2160767911652641"]
[EventDate "2000.09.01"]
[EventType "swiss"]
[EventRounds "5"]
[EventCountry "CAN"]
[SourceTitle "EXT 2003"]
[Source "ChessBase"]
[SourceDate "2002.11.25"]
[SourceVersion "1"]
[SourceVersionDate "2002.11.25"]
[SourceQuality "1"]

1. d4 d5 2. c4 Nf6 3. cxd5 Nxd5 4. e4 Nf6 5. Nc3 e6 6. Bg5 Be7 7. Nf3 h6 8. Bf4 a6 9. Be2 O-O 10. Qd2 Nh7 11. g4 g5 12. Bg3 Kg7 13. h4 Nd7 14. hxg5 hxg5 15. e5 Rg8 16. Bd3 Nhf8 17. O-O-O Ng6 18. Rh5 c5 19. Nxg5 cxd4 20. Nxe6+ fxe6 21. Qh6+ Kf7 22. Qh7+ Rg7 23. Bxg6+ Kf8 24. Qh8+ Rg8 25. Qh6+ Rg7 26. Qf4+ Bf6 27. exf6 Qxf6 28. Rh8+ Rg8 29. Qh6+ Ke7 30. Bh4 Rxh8 31. Bxf6+ Nxf6 32. Qxh8 e5 33. Qg7+ Kd8 34. Qxf6+ Kd7 35. Qxe5 Kc6 36. Be4+ Kb6 37. Qxd4+ Ka5 38. b4# 1-0

[Event "Montreal op"]
[Site "Montreal CAN"]
[Date "2000.??.??"]
[Round "3"]
[White "Desmarais, Emmanuel"]
[Black "Cloutier, Mario"]
[Result "1-0"]
[WhiteElo "2061"]
[BlackElo "1876"]
[PlyCount "97"]
[GameId "2160767911652643"]
[EventDate "2000.09.01"]
[EventType "swiss"]
[EventRounds "5"]
[EventCountry "CAN"]
[SourceTitle "EXT 2003"]
[Source "ChessBase"]
[SourceDate "2002.11.25"]
[SourceVersion "1"]
[SourceVersionDate "2002.11.25"]
[SourceQuality "1"]

1. e4 e5 2. Nf3 d6 3. d4 Nd7 4. Bc4 Be7 5. Nc3 Ngf6 6. O-O c6 7. a4 O-O 8. h3 Qc7 9. Bg5 exd4 10. Nxd4 Nc5 11. Re1 h6 12. Bf4 Nfd7 13. Bg3 Ne5 14. Be2 Rd8 15. b4 Ncd7 16. Nf5 Nf6 17. Nxe7+ Qxe7 18. f4 Ng6 19. Bd3 d5 20. e5 Qxb4 21. Na2 Qd4+ 22. Bf2 Qxf4 23. exf6 Qxf6 24. Rb1 Nf4 25. Bf1 Qg6 26. Kh1 Bf5 27. Qf3 Bxc2 28. Rxb7 Ne6 29. Nb4 Be4 30. Nxc6 Bxf3 31. Ne7+ Kh7 32. Nxg6 Bxg2+ 33. Bxg2 Kxg6 34. Bxa7 d4 35. Bb6 Rd6 36. a5 d3 37. Be4+ f5 38. Bxd3 Nf4 39. Bf1 Nd5 40. Bg2 Nxb6 41. Rxb6 Ra6 42. Rxd6+ Rxd6 43. Ra1 Ra6 44. Bb7 Ra7 45. a6 Kf6 46. Kg2 g5 47. Re1 h5 48. Re8 g4 49. Ra8 1-0

[Event "Montreal op"]
[Site "Montreal CAN"]
[Date "2000.??.??"]
[Round "3"]
[White "Dubuc, Gabriel"]
[Black "Boulay, David"]
[Result "0-1"]
[WhiteElo "1904"]
[BlackElo "2032"]
[PlyCount "62"]
[GameId "2160767911652644"]
[EventDate "2000.09.01"]
[EventType "swiss"]
[EventRounds "5"]
[EventCountry "CAN"]
[SourceTitle "EXT 2003"]
[Source "ChessBase"]
[SourceDate "2002.11.25"]
[SourceVersion "1"]
[SourceVersionDate "2002.11.25"]
[SourceQuality "1"]

1. e4 c5 2. Nc3 Nc6 3. g3 g6 4. Bg2 Bg7 5. Nf3 e6 6. O-O d6 7. d3 Nge7 8. Be3 Nd4 9. Nh4 O-O 10. f4 Rb8 11. Qd2 b5 12. Nd1 f5 13. c3 Ndc6 14. exf5 exf5 15. Nf3 Na5 16. Rc1 Be6 17. b4 Nb7 18. Ng5 Bc8 19. Bxb7 Rxb7 20. bxc5 Rc7 21. cxd6 Qxd6 22. a4 Qd5 23. axb5 Bb7 24. Nf3 Qxb5 25. Bxa7 Bxf3 26. Qa2+ Qd5 27. c4 Qc6 28. Bb6 Rd7 29. Nf2 Kh8 30. c5 Bd4 31. Qc4 Bh1 0-1

[Event "Montreal op"]
[Site "Montreal CAN"]
[Date "2000.??.??"]
[Round "3"]
[White "Hua, Lefong"]
[Black "Mongeau, Diane"]
[Result "1-0"]
[WhiteElo "2325"]
[BlackElo "1961"]
[PlyCount "71"]
[GameId "2160767911652645"]
[EventDate "2000.09.01"]
[EventType "swiss"]
[EventRounds "5"]
[EventCountry "CAN"]
[SourceTitle "EXT 2003"]
[Source "ChessBase"]
[SourceDate "2002.11.25"]
[SourceVersion "1"]
[SourceVersionDate "2002.11.25"]
[SourceQuality "1"]

1. c4 e6 2. Nc3 d5 3. d4 c6 4. cxd5 exd5 5. Qc2 Bd6 6. Nf3 Ne7 7. Bg5 h6 8. Bh4 O-O 9. e3 Bf5 10. Qd2 Nd7 11. Be2 Re8 12. O-O g5 13. Bg3 Nf6 14. Ne5 Ne4 15. Nxe4 dxe4 16. Qc2 f6 17. Qb3+ Nd5 18. Nc4 Bxg3 19. fxg3 Qd7 20. Nd6 Be6 21. Nxe8 Rxe8 22. Bc4 Nb6 23. Bxe6+ Qxe6 24. Rxf6 Qxb3 25. axb3 Nd5 26. Rxh6 Kg7 27. Rd6 Nxe3 28. Rxa7 Re7 29. Rxc6 Rf7 30. Rc1 Nd5 31. Ra5 Rd7 32. Rcc5 Ne3 33. Rxg5+ Kf6 34. Kf2 Nd1+ 35. Ke2 Rxd4 36. Rgd5 1-0

[Event "Montreal op"]
[Site "Montreal CAN"]
[Date "2000.??.??"]
[Round "3"]
[White "Ibrahim, Anthony"]
[Black "Linskiy, Oleg"]
[Result "0-1"]
[WhiteElo "2166"]
[BlackElo "2463"]
[PlyCount "90"]
[GameId "2160767911652646"]
[EventDate "2000.09.01"]
[EventType "swiss"]
[EventRounds "5"]
[EventCountry "CAN"]
[SourceTitle "EXT 2003"]
[Source "ChessBase"]
[SourceDate "2002.11.25"]
[SourceVersion "1"]
[SourceVersionDate "2002.11.25"]
[SourceQuality "1"]

1. Nf3 d5 2. d4 Bf5 3. c4 e6 4. Nc3 Nf6 5. Bg5 c6 6. e3 Nbd7 7. cxd5 exd5 8. Bd3 Bxd3 9. Qxd3 Be7 10. O-O O-O 11. Rac1 Ne4 12. Bxe7 Qxe7 13. Nd2 Nd6 14. f3 f5 15. b4 Rae8 16. Rfe1 b5 17. e4 fxe4 18. fxe4 Nc4 19. Nxc4 dxc4 20. Qg3 Nf6 21. a3 Nh5 22. Qe3 Nf4 23. Rf1 Qg5 24. Rc2 Rf7 25. Rcf2 Ref8 26. Qg3 Qh6 27. h3 g5 28. Kh2 Qg6 29. d5 cxd5 30. exd5 a6 31. Qg4 h6 32. g3 Nxd5 33. Rxf7 Rxf7 34. Nxd5 Qc2+ 35. Kg1 Rxf1+ 36. Kxf1 Qd3+ 37. Ke1 Qxd5 38. Qc8+ Kf7 39. Qxa6 Qe6+ 40. Qxe6+ Kxe6 41. Kd2 Kd5 42. Kc3 h5 43. Kb2 Kd4 44. Kc2 c3 45. Kc1 Kd3 0-1

[Event "Montreal op"]
[Site "Montreal CAN"]
[Date "2000.??.??"]
[Round "3"]
[White "Lezaic, Jovan"]
[Black "Soskic, Radmilo"]
[Result "1/2-1/2"]
[WhiteElo "1925"]
[BlackElo "1796"]
[PlyCount "123"]
[GameId "2160767911652647"]
[EventDate "2000.09.01"]
[EventType "swiss"]
[EventRounds "5"]
[EventCountry "CAN"]
[SourceTitle "EXT 2003"]
[Source "ChessBase"]
[SourceDate "2002.11.25"]
[SourceVersion "1"]
[SourceVersionDate "2002.11.25"]
[SourceQuality "1"]

1. e4 e5 2. Nf3 Nf6 3. Bc4 Nxe4 4. Qe2 d5 5. Bb3 Bc5 6. O-O O-O 7. d3 Nf6 8. Qxe5 Nc6 9. Qe1 Re8 10. Qd1 Bg4 11. c3 d4 12. Bg5 Ne5 13. Nbd2 dxc3 14. bxc3 Qxd3 15. Bxf6 Bxf3 16. Nxf3 Nxf3+ 17. Qxf3 Qxf3 18. gxf3 gxf6 19. Bd5 c6 20. Be4 Re5 21. Rab1 f5 22. Bd3 Rd8 23. f4 Red5 24. Bc4 R5d7 25. a4 b6 26. Kg2 Rd2 27. Kf3 Kf8 28. Be2 Rc2 29. Rfc1 Rdd2 30. Rxc2 Rxc2 31. c4 Rc3+ 32. Kg2 Rc2 33. Bd3 Rxf2+ 34. Kg3 Ra2 35. Bxf5 Rxa4 36. Rc1 Be3 37. Rc2 Ra3 38. Bxh7 Bd4+ 39. Kg4 Rc3 40. Rxc3 Bxc3 41. Be4 c5 42. Bb7 Kg7 43. Kf5 Kh6 44. Bd5 a5 45. Bc6 Kh5 46. Ke4 Kh4 47. Bd7 a4 48. Kd3 Be1 49. Bxa4 Kh3 50. Be8 f6 51. Ke4 Kxh2 52. f5 Kg3 53. Kd5 Kf4 54. Bd7 Bc3 55. Kc6 Ba5 56. Kb5 Ke5 57. Kc6 Kd4 58. Kb5 Ke5 59. Be6 Kd6 60. Bc8 Kc7 61. Be6 Bc3 62. Bd5 1/2-1/2